| 000 | 00364 a2200133 4500 | ||
|---|---|---|---|
| 001 | 88303 | ||
| 082 | _aPR 524 | ||
| 090 |
_c41723 _d41723 |
||
| 100 | _aMuhammad Nauman | ||
| 245 | _aEffect of out of phase blowing and suction on a thick aerfoil | ||
| 260 |
_aRisalpur _bNUST Risalpur _c2001 |
||
| 300 |
_a104p. _eHossein Raza Hamdani |
||
| 500 | _aBE Project Reports | ||
| 942 |
_aCAE NUST _kPR 524 |
||
| 999 |
_c323376 _d323376 |
||